Normal view
MARC view
- IMPLANTS, ARTIFICIAL MATERIALS CORROSION CONGRESSES, IMPLANTS, ARTIFICIAL MATERIALS DETERIORATION COGNRESSES, BIOMEDICAL MATERIALS CORROSION
Entry Topical Term
001 - CONTROL NUMBER
- control field: 61980
003 - CONTROL NUMBER IDENTIFIER
- control field: NUST
005 - DATE AND TIME OF LATEST TRANSACTION
- control field: 20210628202844.0
008 - FIXED-LENGTH DATA ELEMENTS
- fixed length control field: 210628|| aca||aabn | a|a d
040 ## - CATALOGING SOURCE
- Original cataloging agency: NUST
- Transcribing agency: NUST
150 ## - HEADING--TOPICAL TERM
- Topical term or geographic name entry element: IMPLANTS, ARTIFICIAL MATERIALS CORROSION CONGRESSES, IMPLANTS, ARTIFICIAL MATERIALS DETERIORATION COGNRESSES, BIOMEDICAL MATERIALS CORROSION
670 ## - SOURCE DATA FOUND
- Source citation: Work cat.: (NUST): Fraker, Anna C 61979, Corrosion and degradation of implant materials, second symposium, 1985
